[Event "Lima Palma Memorial U1850 1st"]
[Site "Lima"]
[Date "2018.01.23"]
[Round "3.12"]
[White "Reynaga, Roland"]
[Black "Cabrera Miranda, Jose"]
[Result "1-0"]
[WhiteElo "1728"]
[BlackElo "1371"]
[PlyCount "47"]
[EventDate "2018.01.23"]
[EventType "swiss"]
[EventRounds "8"]
[EventCountry "PER"]
[SourceTitle "EXT 2024"]
[Source "ChessBase"]
[SourceDate "2023.10.10"]
[SourceVersion "1"]
[SourceVersionDate "2023.10.10"]
[SourceQuality "1"]

1. d4 d5 2. Nf3 Nf6 3. Bf4 c6 4. e3 Bg4 5. c4 dxc4 6. Bxc4 e6 7. Nbd2 Bb4 8. 0-0 Bxd2 9. Qxd2 Bxf3 10. gxf3 Nd5 11. Bg3 Qf6 12. Be2 Nd7 13. Kh1 h5 14. e4 N5b6 15. Bf4 0-0-0 16. Bg5 Qg6 17. Bxd8 Rxd8 18. Rg1 Qf6 19. a4 Nc5 20. Qc2 Qxd4 21. Rad1 Qb4 22. Rxd8+ Kxd8 23. Rxg7 Qe1+ 24. Kg2 1-0